000 00541nam a2200193 a 4500
005 20250723083236.0
008 250723s2024 my ||||| |||| 00| 0 may d
040 _aAKMAL
082 0 4 _a354.09595 PRE
090 0 0 _a354.09595
_bPRE
245 1 0 _aPrestasi JKDM 2024 /
_cJKDM
264 1 0 _aPutrajaya:
_bJKDM,
_c2024.
300 _a48p. :
_bcol. ill.;
_c25cm.
650 0 0 _aCustoms administration
_zMalaysia
_9491
650 1 0 _xStatistic
_99602
650 2 0 _aPublic administration
_zMalaysia
_9419
650 2 0 _xEvaluation
_9676
942 _2ddc
_cBOOK
999 _c5034
_d5034